| 000 | 00774nam a2200205 a 4500 | ||
|---|---|---|---|
| 003 | 0 | ||
| 005 | 20250317141409.0 | ||
| 008 | 071127s19uu xx 00 eng d | ||
| 050 |
_aPGS QA 11.2.E38 _b.K49 2007 |
||
| 100 | _aKim, Bo Hyun. | ||
| 245 |
_aThe effectiveness of Eduss math program on math achievement of ILC lower school students / _cBo Hyun Kim. |
||
| 260 |
_aLas PiƱas City, Philippines : _bSouthville International School and Colleges, _c2007. |
||
| 300 |
_a39 pages : _billustrations ; _c28 cm. |
||
| 504 | _aIncludes bibliographical references. | ||
| 650 |
_aMathematics _vStudy and Teaching (Elementary). |
||
| 650 | _aComputer-assisted instruction. | ||
| 650 | _aEducational technology. | ||
| 650 | _aAcademic achievement. | ||
| 942 |
_2lcc _cPASS |
||
| 999 |
_c97726 _d97726 |
||